000 02382nam a22002177a 4500
005 20220404092200.0
008 220326b ||||| |||| 00| 0 eng d
020 _a9781138196476
040 _cAL
041 _aeng
082 _223
_a543.19
_bROBI
100 _aJames Robinson W
_926109
245 _aInstrumental analytical chemistry
_bAn introduction
260 _aNew York
_bCRC Press
_c2021
300 _axxviii,891p.
_bHB
_c28.5x21x1cm.
365 _2General
_a6557
_b₹702.34
_c
_d₹900.44
_e22%
_f19-03-2022
520 _aAnalytical chemistry today is almost entirely instrumental analytical chemistry and it is performed by many scientists and engineers who are not chemists. Analytical instrumentation is crucial to research in molecular biology, medicine, geology, food science, materials science, and many other fields. With the growing sophistication of laboratory equipment, there is a danger that analytical instruments can be regarded as "black boxes" by those using them. The well-known phrase "garbage in, garbage out" holds true for analytical instrumentation as well as computers. This book serves to provide users of analytical instrumentation with an understanding of their instruments. This book is written to teach undergraduate students and those working in chemical fields outside analytical chemistry how contemporary analytical instrumentation works, as well as its uses and limitations. Mathematics is kept to a minimum. No background in calculus, physics, or physical chemistry is required. The major fields of modern instrumentation are covered, including applications of each type of instrumental technique. Each chapter includes: A discussion of the fundamental principles underlying each technique Detailed descriptions of the instrumentation. An extensive and up to date bibliography End of chapter problems Suggested experiments appropriate to the technique where relevant This text uniquely combines instrumental analysis with organic spectral interpretation (IR, NMR, and MS). It provides detailed coverage of sampling, sample handling, sample storage, and sample preparation. In addition, the authors have included many instrument manufacturers’ websites, which contain extensive resources.
650 _2Chemistry
_aAnalytical chemistry
_926110
700 _aFrame, Eileen M Skelly; Frame, George M II
_926111
942 _2ddc
_cBK
999 _c222038
_d222038